| 000 | 00673nam a2200205 a 4500 | ||
|---|---|---|---|
| 001 | 153 | ||
| 003 | CDMR | ||
| 005 | 20260515062531.0 | ||
| 008 | 130130s1979||||||||||||||||||||||||||||d | ||
| 020 | _a8474760135 | ||
| 040 |
_aCDMR _bcat _cCDMR |
||
| 245 | 0 | 0 |
_aAlternativas populares a las comunicaciones de masas _cJosé Vidal-Beneyto |
| 260 |
_aMadrid _c1979 _bCentro de Investigaciones Sociológicas |
||
| 300 | _a570 p. | ||
| 490 | 0 |
_aMonografías (Centro de Investigaciones Sociológicas) _v12-13 |
|
| 650 | 0 | 0 |
_aMitjans de comunicació de massa alternatius _94203 |
| 650 | 0 | 4 |
_94289 _aComunicació _xAspectes socials |
| 700 | 1 |
_9119 _aVidal Beneyto, José |
|
| 942 |
_cMON _2udc |
||
| 999 |
_c153 _d153 |
||